The Japanese house (Record no. 48438)

MARC details
000 -LEADER
fixed length control field 00508nam a2200145 a 4500
008 - FIXED-LENGTH DATA ELEMENTS--GENERAL INFORMATION
fixed length control field 120416s1964 ||||||||||||||||| || u
050 ## - LIBRARY OF CONGRESS CALL NUMBER
Classification number NA 7451 Eng
100 ## - MAIN ENTRY--PERSONAL NAME
Personal name Engel, Heinvich
245 14 - TITLE STATEMENT
Title The Japanese house
246 ## - VARYING FORM OF TITLE
Title proper/short title a tradition for contemporary architecture
260 ## - PUBLICATION, DISTRIBUTION, ETC.
Place of publication, distribution, etc. Tokyo
Name of publisher, distributor, etc. Tuttle
Date of publication, distribution, etc. 1964
300 ## - PHYSICAL DESCRIPTION
Extent 495p. : ill.
350 ## - PRICE (NR) (BK AM CF MU VM SE) [OBSOLETE]
Price 0.00
995 ## - RECOMMENDATION 995 [LOCAL, UNIMARC FRANCE]
-- 0.00
-- CBU-MAIN LIBRARY (Kitwe)
-- 1
-- 0.00
-- 1
-- AVAILABLE
-- Annex Low-Usage Collection
Holdings
Withdrawn status Lost status Source of classification or shelving scheme Damaged status Not for loan Home library Current library Shelving location Date acquired Total Checkouts Full call number Barcode Date last seen Price effective from Koha item type
          CBU-MAIN LIBRARY, KITWE. CBU-MAIN LIBRARY, KITWE.   11/30/2022   NA 7451 Eng 010323 11/30/2022 11/30/2022 MONOGRAPH